[Event "VIII Festival A"]
[Site "Porto San Giorgio ITA"]
[Date "1995.08.22"]
[Round "3"]
[White "Cristiani, Cesare"]
[Black "Anceschi, Vittorio"]
[Result "0-1"]
[WhiteElo "2025"]
[BlackElo "2285"]
[PlyCount "90"]
[EventDate "1996.08.20"]

1. d4 f5 2. c4 Nf6 3. Nc3 g6 4. g3 Bg7 5. Bg2 d6 6. Nf3 O-O 7. O-O Nc6 8. d5
Na5 9. Nd2 c5 10. Qc2 a6 11. Rb1 Bd7 12. a3 Qc7 13. e3 Rfc8 14. Ne2 b5 15. b3
Rab8 16. Bb2 Rb7 17. Bc3 Rcb8 18. h4 Ng4 19. Bxg7 Kxg7 20. Nf4 Ne5 21. cxb5
axb5 22. Nf3 Nxf3+ 23. Bxf3 b4 24. a4 c4 25. bxc4 Qxc4 26. Qd2 Qc3 27. Qe2 Rc7
28. Rfc1 Qxc1+ 29. Rxc1 Rxc1+ 30. Kg2 Nc4 31. Qd3 b3 32. Qd4+ Kg8 33. Qa7 Rd8
34. Ne6 b2 35. Nxd8 b1=Q 36. Qxd7 Nxe3+ 37. Kh2 Ng4+ 38. Bxg4 Rh1+ 39. Kg2 Qf1+
40. Kf3 fxg4+ 41. Qxg4 Qd1+ 42. Kf4 Qd4+ 43. Kf3 Qxd5+ 44. Kf4 Qd4+ 45. Kf3
Qd1+ 0-1

[Event "VIII Festival A"]
[Site "Porto San Giorgio ITA"]
[Date "1995.08.22"]
[Round "3"]
[White "Efimov, Igor"]
[Black "Bonanzinga, Corrado"]
[Result "1/2-1/2"]
[WhiteElo "2510"]
[BlackElo "2007"]
[PlyCount "132"]
[EventDate "1996.08.20"]

1. d4 Nf6 2. Nf3 g6 3. g3 Bg7 4. Bg2 O-O 5. O-O d6 6. Re1 Nbd7 7. e4 e5 8. c3
c6 9. Nbd2 Qc7 10. b3 d5 11. Ba3 Re8 12. exd5 cxd5 13. dxe5 Nxe5 14. Nxe5 Rxe5
15. Rxe5 Qxe5 16. Rc1 Bg4 17. Nf3 Qh5 18. Qd3 Re8 19. Re1 Rxe1+ 20. Nxe1 Be2
21. Qe3 h6 22. h3 Bb5 23. g4 Qg5 24. Qxg5 hxg5 25. Bc1 Ne4 26. c4 Nc3 27. cxb5
Ne2+ 28. Kf1 Nxc1 29. Bxd5 Nxa2 30. Bxb7 Nc1 31. Bd5 Kf8 32. Bc4 Na2 33. Ke2 f5
34. f3 Nb4 35. Kd2 Ke7 36. Ng2 fxg4 37. hxg4 Kd6 38. Ne3 Be5 39. Bf7 Bf4 40.
Ke2 Kc5 41. Ng2 Be5 42. f4 gxf4 43. Bxg6 Nd5 44. Kf3 Kxb5 45. Ke4 f3 46. Kxf3
Nc3 47. g5 a5 48. Nf4 Kc6 49. Bc2 Kd6 50. Nh5 Nd5 51. Be4 Nc3 52. Bc2 Nd5 53.
g6 Kc5 54. Ke4 Bd4 55. g7 Bxg7 56. Nxg7 Nc3+ 57. Kd3 Kb4 58. Ne6 a4 59. bxa4
Nxa4 60. Kd4 Nc3 61. Bd3 Nb5+ 62. Kd5 Nc3+ 63. Ke5 Nb5 64. Bf1 Nc3 65. Nf4 Kc5
66. Nd3+ Kc4 1/2-1/2

[Event "VIII Festival A"]
[Site "Porto San Giorgio ITA"]
[Date "1995.08.22"]
[Round "3"]
[White "Mrdja, Milan"]
[Black "Sebastianelli, Diego"]
[Result "1/2-1/2"]
[WhiteElo "2455"]
[BlackElo "2305"]
[PlyCount "58"]
[EventDate "1996.08.20"]

1. e4 c5 2. Nf3 e6 3. d4 cxd4 4. Nxd4 a6 5. Bd3 Nc6 6. Nxc6 dxc6 7. Nd2 e5 8.
O-O Bd6 9. Nc4 Bc7 10. a4 Be6 11. Qf3 Nf6 12. Bg5 h6 13. Bh4 O-O 14. Ne3 Qe7
15. Nf5 Bxf5 16. Qxf5 g5 17. Bg3 Nh5 18. Bc4 Kg7 19. Kh1 Rad8 20. Qf3 Nf4 21.
Rfd1 b5 22. Bb3 Rxd1+ 23. Rxd1 Rd8 24. h3 Qb4 25. axb5 axb5 26. Rxd8 Bxd8 27.
Qd1 Qxe4 28. Bxf4 Qxf4 29. Qxd8 Qc1+ 1/2-1/2

[Event "VIII Festival A"]
[Site "Porto San Giorgio ITA"]
[Date "1995.08.22"]
[Round "3"]
[White "Pierrot, Facundo"]
[Black "Godena, Michele"]
[Result "1/2-1/2"]
[WhiteElo "2420"]
[BlackElo "2550"]
[PlyCount "82"]
[EventDate "1996.08.20"]

1. e4 e5 2. Nf3 Nc6 3. Bb5 a6 4. Ba4 Nf6 5. O-O b5 6. Bb3 Bc5 7. Nxe5 Nxe5 8.
d4 Bxd4 9. Qxd4 d6 10. c3 Bb7 11. Bg5 h6 12. Bxf6 Qxf6 13. f4 Nd7 14. Nd2 Qxd4+
15. cxd4 c5 16. Rad1 Ke7 17. Rfe1 Rhd8 18. Nf3 Rac8 19. Kf2 a5 20. e5 c4 21.
Bc2 Bxf3 22. Kxf3 c3 23. b3 dxe5 24. dxe5 Nb6 25. Ke4 Rd2 26. Bd3 Rxg2 27. Bxb5
c2 28. Rc1 Rxh2 29. Re2 Rxe2+ 30. Bxe2 a4 31. Bd3 axb3 32. axb3 Rc3 33. Rxc2
Rxb3 34. Rc7+ Nd7 35. Bc4 Rc3 36. Kd4 Rc1 37. Ra7 Rd1+ 38. Ke3 Re1+ 39. Kd2 Re4
40. Bb5 Rxf4 41. Ke3 Rf5 1/2-1/2

[Event "VIII Festival A"]
[Site "Porto San Giorgio ITA"]
[Date "1995.08.22"]
[Round "3"]
[White "Rotstein, Arkadij"]
[Black "Zlochevskij, Alexander"]
[Result "0-1"]
[WhiteElo "2475"]
[BlackElo "2415"]
[PlyCount "80"]
[EventDate "1996.08.20"]

1. e4 e6 2. d3 d5 3. Qe2 Ne7 4. Nf3 g6 5. h4 h6 6. g3 Bg7 7. Bg2 dxe4 8. dxe4
e5 9. O-O O-O 10. Rd1 Qe8 11. Na3 b6 12. Nb5 Ba6 13. c4 Qc8 14. b3 c5 15. Kh2
Nbc6 16. Bh3 Qb8 17. h5 Bc8 18. hxg6 fxg6 19. Rd3 Bxh3 20. Kxh3 Nd4 21. Nbxd4
exd4 22. Kg2 Qb7 23. Bf4 Qc6 24. Rh1 g5 25. Bc1 Rae8 26. Nd2 Rf6 27. b4 cxb4
28. Bb2 Nf5 29. Rf3 Ref8 30. Qd3 R6f7 31. Kg1 Ne7 32. Rxf7 Rxf7 33. Nf3 Qf6 34.
e5 Qxf3 35. Qxd4 Bxe5 36. Qd8+ Rf8 37. Qd2 Bxb2 38. Qxb2 Qf6 39. Qe2 Nc6 40.
Kg2 Nd4 0-1

[Event "VIII Festival A"]
[Site "Porto San Giorgio ITA"]
[Date "1995.08.22"]
[Round "3"]
[White "Saldano Dayer, Horacio"]
[Black "Malakhov, Vladimir"]
[Result "1/2-1/2"]
[WhiteElo "2325"]
[BlackElo "2515"]
[PlyCount "51"]
[EventDate "1996.08.20"]

1. e4 c5 2. Nf3 g6 3. h4 Bg7 4. h5 Nc6 5. Bc4 e6 6. Nc3 a6 7. a3 b5 8. Ba2 Bb7
9. d3 Nge7 10. Bg5 Qa5 11. h6 Bxc3+ 12. bxc3 Qxc3+ 13. Bd2 Qf6 14. Bg5 Qc3+ 15.
Bd2 Qf6 16. Bg5 Qb2 17. O-O f6 18. Rb1 Qxa3 19. Bxf6 O-O 20. Ra1 Qb4 21. c3 Qb2
22. Bg7 Rf7 23. Bxe6 dxe6 24. Rb1 Qa3 25. Ra1 Qb2 26. Rb1 1/2-1/2

[Event "VIII Festival A"]
[Site "Porto San Giorgio ITA"]
[Date "1995.08.22"]
[Round "3"]
[White "Sarno, Spartaco"]
[Black "Barlov, Dragan"]
[Result "1/2-1/2"]
[WhiteElo "2410"]
[BlackElo "2455"]
[PlyCount "87"]
[EventDate "1996.08.20"]

1. c4 g6 2. g3 Bg7 3. Bg2 Nf6 4. Nc3 O-O 5. Nf3 d6 6. O-O c6 7. d3 Re8 8. Rb1
d5 9. e4 dxe4 10. dxe4 Qc7 11. h3 e5 12. Be3 Be6 13. Qe2 Nbd7 14. Nd2 Nh5 15.
Nd5 Qb8 16. Rbc1 Nf8 17. Nc3 Rd8 18. Rfd1 Qc8 19. Kh2 Qc7 20. Bf3 Nf6 21. Nb3
Rxd1 22. Rxd1 N8d7 23. Nc5 Nxc5 24. Bxc5 Bf8 25. Be3 Qa5 26. Bg5 Be7 27. Bxf6
Bxf6 28. Bg4 Bxg4 29. hxg4 Rd8 30. Rxd8+ Bxd8 31. Kg2 Bb6 32. a3 Bd4 33. Nd1 a6
34. g5 Qa4 35. Qd3 b5 36. Ne3 Kg7 37. b4 Bxe3 38. Qxe3 Qd1 39. Qc5 bxc4 40.
Qxc4 Qa4 41. Qc3 Qb5 42. Qf3 Kg8 43. Qf6 Qa4 44. Qxe5 1/2-1/2

[Event "VIII Festival A"]
[Site "Porto San Giorgio ITA"]
[Date "1995.08.22"]
[Round "3"]
[White "Sermek, Drazen"]
[Black "Arlandi, Ennio"]
[Result "1-0"]
[WhiteElo "2550"]
[BlackElo "2445"]
[PlyCount "81"]
[EventDate "1996.08.20"]

1. e4 c6 2. d4 d5 3. exd5 cxd5 4. c4 Nf6 5. Nc3 e6 6. Nf3 Be7 7. cxd5 Nxd5 8.
Bd3 Nc6 9. O-O O-O 10. Re1 Bf6 11. Be4 Nce7 12. Ne5 Bd7 13. Qd3 g6 14. Bh6 Bg7
15. Qh3 Bc6 16. Rad1 Rc8 17. Bg5 Qa5 18. Bb1 Nf5 19. Nxd5 Qxd5 20. Be4 Qxa2 21.
Bxc6 Rxc6 22. g4 Nxd4 23. Rxd4 Rc5 24. Qg3 f6 25. Nd7 Rxg5 26. Nxf8 Bxf8 27.
Qf4 Be7 28. Qb8+ Kf7 29. Qh8 Qxb2 30. Qxh7+ Kf8 31. Qh8+ Kf7 32. Qh7+ Kf8 33.
Rxe6 Qc1+ 34. Kg2 Qc5 35. Rd7 Rxg4+ 36. Kh3 Rg3+ 37. hxg3 Qf5+ 38. Kg2 Qxe6 39.
Rc7 Ke8 40. Kh2 Qe4 41. Qg8+ 1-0

[Event "VIII Festival A"]
[Site "Porto San Giorgio ITA"]
[Date "1995.08.23"]
[Round "4"]
[White "Anceschi, Vittorio"]
[Black "Mrdja, Milan"]
[Result "1/2-1/2"]
[WhiteElo "2285"]
[BlackElo "2455"]
[PlyCount "133"]
[EventDate "1996.08.20"]

1. e4 c5 2. Nc3 Nc6 3. g3 g6 4. Bg2 Bg7 5. d3 e6 6. Be3 Nd4 7. Qd2 Ne7 8. Nd1
d6 9. c3 Ndc6 10. Bh6 O-O 11. h4 f6 12. Bxg7 Kxg7 13. Nf3 b6 14. Ne3 Rb8 15.
O-O f5 16. exf5 exf5 17. d4 f4 18. gxf4 Rxf4 19. dxc5 dxc5 20. Qxd8 Nxd8 21.
Rad1 Rf8 22. Rfe1 Ne6 23. Ng5 Nf4 24. Nd5 Nexd5 25. Bxd5 h6 26. Ne6+ Bxe6 27.
Bxe6 Rbd8 28. Bc4 Kf6 29. Kh2 Rfe8 30. Rxe8 Rxd1 31. Kg3 Nh5+ 32. Kf3 Rd7 33.
Rf8+ Kg7 34. Rg8+ Kh7 35. Rf8 Re7 36. Rf7+ Rxf7+ 37. Bxf7 Kg7 38. Bc4 Kf6 39.
Ke4 g5 40. hxg5+ Kxg5 41. Kd5 Nf4+ 42. Kc6 h5 43. Kb7 h4 44. Kxa7 h3 45. Bb5
Kf6 46. Bc6 Ke5 47. Kxb6 Kd6 48. Bf3 Nd3 49. a4 Nxb2 50. Kb5 c4 51. a5 Kc7 52.
Kc5 Nd3+ 53. Kd4 h2 54. Ke3 Ne5 55. Bh1 Nc6 56. a6 Kb6 57. f4 Ne7 58. Kd4 Kxa6
59. Kxc4 Kb6 60. Kd4 Nf5+ 61. Kd5 Kc7 62. c4 Ng3 63. Bf3 h1=Q 64. Bxh1 Nxh1 65.
f5 Ng3 66. f6 Nh5 67. Ke6 1/2-1/2

[Event "VIII Festival A"]
[Site "Porto San Giorgio ITA"]
[Date "1995.08.23"]
[Round "4"]
[White "Arlandi, Ennio"]
[Black "Saldano Dayer, Horacio"]
[Result "1-0"]
[WhiteElo "2445"]
[BlackElo "2325"]
[PlyCount "129"]
[EventDate "1996.08.20"]

1. d4 f5 2. g3 Nf6 3. Bg2 g6 4. c3 Bg7 5. Nd2 c6 6. Nh3 Na6 7. Nf4 d6 8. Nd3
O-O 9. O-O Be6 10. e4 Kh8 11. Re1 fxe4 12. Nxe4 Nxe4 13. Bxe4 Nc7 14. Bg5 Qd7
15. Qd2 Rae8 16. Bh6 Bxh6 17. Qxh6 Bf5 18. Re3 Bxe4 19. Rxe4 Rf7 20. Rae1 Kg8
21. c4 Ref8 22. b3 Qf5 23. R1e3 e6 24. Rf4 Qa5 25. Rxf7 Rxf7 26. Qh4 g5 27. Qg4
Qf5 28. Qe2 Rf6 29. Re4 h5 30. h4 Rg6 31. hxg5 Rxg5 32. Kh2 Qf6 33. Rh4 Qf5 34.
Nf4 e5 35. dxe5 dxe5 36. Nxh5 Ne6 37. g4 Qf7 38. Qe3 Rg6 39. Ng3 Nd4 40. Kg2
Qf6 41. Qe4 Ne6 42. Nf5 Nf4+ 43. Kf3 Kf8 44. Qe3 Ne6 45. Ke4 Rg5 46. Qg3 Nc5+
47. Ke3 Rg6 48. Qh2 Rg8 49. Ke2 Qd8 50. Qg3 Qf6 51. Qe3 b6 52. Rh6 Rg6 53. Rxg6
Qxg6 54. Qh6+ Qxh6 55. Nxh6 Ke7 56. Ke3 a5 57. Nf5+ Kf6 58. Ng3 Na6 59. Ne4+
Ke6 60. a3 b5 61. Kd3 Nc7 62. Nc5+ Kd6 63. Nb7+ Kd7 64. Nxa5 Ne6 65. b4 1-0

[Event "VIII Festival A"]
[Site "Porto San Giorgio ITA"]
[Date "1995.08.23"]
[Round "4"]
[White "Gerencer, Jozef"]
[Black "Borgo, Giulio"]
[Result "0-1"]
[WhiteElo "2190"]
[BlackElo "2375"]
[PlyCount "72"]
[EventDate "1996.08.20"]

1. d4 c5 2. e3 Nf6 3. Nf3 d5 4. c3 Nbd7 5. Bd3 Qc7 6. Nbd2 e5 7. dxe5 Nxe5 8.
Nxe5 Qxe5 9. Bb5+ Bd7 10. Qe2 O-O-O 11. Bxd7+ Rxd7 12. Nf3 Qe6 13. b3 Be7 14.
Bb2 Rhd8 15. O-O Ne4 16. Rac1 f5 17. b4 c4 18. Nd4 Qe5 19. a4 Bd6 20. Nf3 Qe8
21. Nd2 Qe5 22. Nf3 Qe6 23. Rfd1 g5 24. Nd2 Nf6 25. f3 h5 26. e4 Qe5 27. g3 h4
28. Qf2 hxg3 29. Qxa7 g2 30. Kxg2 Qxh2+ 31. Kf1 fxe4 32. Qf2 Qh3+ 33. Qg2 Qf5
34. Kg1 Bf4 35. Rf1 g4 36. fxe4 Be3+ 0-1

[Event "VIII Festival A"]
[Site "Porto San Giorgio ITA"]
[Date "1995.08.23"]
[Round "4"]
[White "Godena, Michele"]
[Black "Bonanzinga, Corrado"]
[Result "1-0"]
[WhiteElo "2550"]
[BlackElo "2007"]
[PlyCount "51"]
[EventDate "1996.08.20"]

1. e4 e5 2. Nf3 Nc6 3. Bc4 Bc5 4. d3 Nf6 5. Nc3 d6 6. Bg5 h6 7. Bxf6 Qxf6 8.
Nd5 Qd8 9. c3 Ne7 10. d4 Nxd5 11. dxc5 Nf4 12. g3 Nh3 13. Bb5+ Ke7 14. Be2 Bg4
15. Nh4 Bxe2 16. Qxe2 g6 17. O-O-O Qd7 18. f4 exf4 19. cxd6+ cxd6 20. e5 d5 21.
Rhe1 Qe6 22. Nf3 Qg4 23. e6 fxe6 24. Qe5 Qf5 25. Qg7+ Qf7 26. Rxe6+ 1-0

[Event "VIII Festival A"]
[Site "Porto San Giorgio ITA"]
[Date "1995.08.23"]
[Round "4"]
[White "Lauria, Amilcare"]
[Black "Gueci, Riccardo"]
[Result "0-1"]
[WhiteElo "1905"]
[BlackElo "2190"]
[PlyCount "108"]
[EventDate "1996.08.20"]

1. e4 c5 2. Nc3 Nc6 3. f4 e6 4. Bc4 a6 5. a4 Nge7 6. Nf3 d5 7. Ba2 Nb4 8. Bb1
d4 9. Na2 Nbc6 10. O-O g6 11. d3 b5 12. c3 Bg7 13. Bc2 O-O 14. Bd2 Rb8 15. Rb1
Bb7 16. Qe2 Qb6 17. Kh1 Rfd8 18. Rfd1 Rd7 19. cxd4 Nxd4 20. Nxd4 Bxd4 21. b4
cxb4 22. Rxb4 Nc6 23. Rbb1 Ba8 24. axb5 axb5 25. Nb4 Ra7 26. Nxc6 Bxc6 27. Bb3
Bd7 28. Bb4 Rba8 29. Qf1 Kg7 30. h3 h6 31. Qf3 Bc6 32. Qe2 Re8 33. Kh2 Kh7 34.
Rf1 Rd7 35. Rbd1 Qb8 36. Kh1 Qa8 37. Rd2 Qd8 38. Re1 Qh4 39. Rc2 Bb7 40. Qf3
Qd8 41. Rd2 Qh4 42. Rf1 f5 43. Kh2 e5 44. g3 Qd8 45. Qe2 exf4 46. Rxf4 Be5 47.
Rf3 h5 48. exf5 Bxg3+ 49. Rxg3 Rxe2+ 50. Rxe2 g5 51. Rge3 Qc7+ 52. Kg1 Qc6 53.
Re4 Qb6+ 54. R4e3 Rxd3 0-1

[Event "VIII Festival A"]
[Site "Porto San Giorgio ITA"]
[Date "1995.08.23"]
[Round "4"]
[White "Mascellani, Marco"]
[Black "Sarno, Spartaco"]
[Result "0-1"]
[WhiteElo "2220"]
[BlackElo "2410"]
[PlyCount "94"]
[EventDate "1996.08.20"]

1. e4 d6 2. d4 Nf6 3. Nc3 g6 4. Bg5 c6 5. Bxf6 exf6 6. f4 Bh6 7. Qf3 f5 8.
O-O-O fxe4 9. Nxe4 O-O 10. Kb1 d5 11. Nf2 Nd7 12. h4 Nf6 13. Bd3 Re8 14. h5
gxh5 15. Rxh5 Nxh5 16. Qxh5 Qf6 17. g3 Bg7 18. Qxh7+ Kf8 19. Nf3 Qh6 20. Qxh6
Bxh6 21. Ne5 Bg7 22. Kc1 f6 23. Ng6+ Kf7 24. Kd2 Bd7 25. c3 Rac8 26. Rh1 b6 27.
Rg1 c5 28. g4 cxd4 29. cxd4 Bf8 30. a3 Bd6 31. g5 Rg8 32. gxf6 Bxf4+ 33. Ke2
Kxf6 34. Kf3 Bd6 35. Nd1 Rc1 36. Ke2 Ba4 37. Rf1+ Kg7 38. Kd2 Rxd1+ 39. Rxd1
Bxd1 40. Kxd1 Kf6 41. Nh4 Rg3 42. Kc2 Bf4 43. Be2 Bg5 44. Nf3 Kf5 45. Bd3+ Kf4
46. Nd2 Rg2 47. Kc3 Bh4 0-1

[Event "VIII Festival A"]
[Site "Porto San Giorgio ITA"]
[Date "1995.08.23"]
[Round "4"]
[White "Scavo, Fernando"]
[Black "Cristiani, Cesare"]
[Result "0-1"]
[WhiteElo "2165"]
[BlackElo "2025"]
[PlyCount "40"]
[EventDate "1996.08.20"]

1. d4 d5 2. c4 dxc4 3. Nf3 Nf6 4. e3 Bg4 5. Bxc4 e6 6. O-O Nbd7 7. Nc3 Bd6 8.
e4 e5 9. Qb3 O-O 10. Nxe5 Nxe5 11. dxe5 Bxe5 12. f3 Qd6 13. fxg4 Nxg4 14. Nd1
Bd4+ 15. Rf2 Qxh2+ 16. Kf1 Qh1+ 17. Ke2 Bxf2 18. Nxf2 Qxg2 19. Be3 Nxf2 20.
Bxf2 Qxe4+ 0-1

[Event "VIII Festival A"]
[Site "Porto San Giorgio ITA"]
[Date "1995.08.23"]
[Round "4"]
[White "Sebastianelli, Diego"]
[Black "Aleksic, Nenad"]
[Result "1-0"]
[WhiteElo "2305"]
[BlackElo "2425"]
[PlyCount "53"]
[EventDate "1996.08.20"]

1. e4 c5 2. Nf3 d6 3. d4 cxd4 4. Nxd4 Nf6 5. Nc3 a6 6. Be3 e6 7. Qd2 Be7 8. f3
Nc6 9. O-O-O O-O 10. g4 Nd7 11. h4 Nde5 12. Qg2 b5 13. Nxc6 Nxc6 14. g5 Bb7 15.
Kb1 Rc8 16. h5 Qc7 17. Bd3 Ne5 18. g6 Bf6 19. gxh7+ Kxh7 20. Rc1 Qe7 21. Ne2 d5
22. Bd4 Nxd3 23. cxd3 dxe4 24. dxe4 Rxc1+ 25. Rxc1 Rd8 26. e5 Bg5 27. Bc5 1-0

[Event "VIII Festival A"]
[Site "Porto San Giorgio ITA"]
[Date "1995.08.23"]
[Round "4"]
[White "Vukovic, Zdravko"]
[Black "Roeder, Matthias"]
[Result "1-0"]
[WhiteElo "2475"]
[BlackElo "2435"]
[PlyCount "73"]
[EventDate "1996.08.20"]

1. e4 c5 2. Nf3 d6 3. d4 cxd4 4. Nxd4 Nf6 5. Nc3 a6 6. Bg5 e6 7. Qd3 Nc6 8. Rd1
h6 9. Bc1 Qc7 10. Be2 Nb4 11. Qd2 e5 12. Nb3 Be6 13. O-O d5 14. exd5 Nbxd5 15.
Nxd5 Nxd5 16. Qa5 O-O-O 17. c4 Nb4 18. Rxd8+ Kxd8 19. a3 Nc6 20. Qc3 Bd6 21.
Be3 e4 22. h3 Bh2+ 23. Kh1 Be5 24. Nd4 Bd7 25. Nxc6+ Bxc6 26. Bd4 Re8 27. Bg4
g6 28. Rd1 Bxd4 29. Qxd4+ Ke7 30. b4 Rd8 31. Qc5+ Ke8 32. b5 Rxd1+ 33. Bxd1
axb5 34. cxb5 Qd7 35. Qe5+ Kf8 36. Bg4 f5 37. Qf6+ 1-0

[Event "VIII Festival A"]
[Site "Porto San Giorgio ITA"]
[Date "1995.08.23"]
[Round "4"]
[White "Zlochevskij, Alexander"]
[Black "Efimov, Igor"]
[Result "1-0"]
[WhiteElo "2415"]
[BlackElo "2510"]
[PlyCount "105"]
[EventDate "1996.08.20"]

1. c4 e5 2. g3 Nf6 3. Bg2 Nc6 4. Nc3 Bc5 5. e3 d6 6. Nge2 a6 7. a3 O-O 8. b4
Ba7 9. O-O Ne7 10. d4 c6 11. a4 Be6 12. Qd3 Qc8 13. Rd1 Bh3 14. Bh1 Re8 15. Ba3
Ng6 16. b5 axb5 17. axb5 exd4 18. exd4 c5 19. Nd5 Bf5 20. Nxf6+ gxf6 21. Qd2
Bg4 22. Nc3 Bxd1 23. Rxd1 cxd4 24. Nd5 Qd8 25. Bb2 Rc8 26. Bxd4 Bxd4 27. Qxd4
Ne5 28. Ne3 Qc7 29. Bd5 b6 30. Qf4 Ng6 31. Qxf6 Rxe3 32. fxe3 Re8 33. Rf1 Ne5
34. Rf5 Qe7 35. Qh6 Qf8 36. Qf4 Qg7 37. Qd4 Kh8 38. Qxb6 Qg4 39. Rf2 Nxc4 40.
Bxc4 Qxc4 41. Qd4+ Qxd4 42. exd4 Kg7 43. Kg2 Rb8 44. Rb2 Rb6 45. Kf3 d5 46. Ke3
Kf6 47. Kd3 Ke6 48. Kc3 Rb8 49. Kb4 Rc8 50. b6 Kd6 51. b7 Re8 52. Ka5 Kc7 53.
b8=Q+ 1-0

[Event "VIII Festival A"]
[Site "Porto San Giorgio ITA"]
[Date "1995.08.24"]
[Round "5"]
[White "De Vita, Gianni"]
[Black "Gueci, Riccardo"]
[Result "1-0"]
[WhiteElo "2090"]
[BlackElo "2190"]
[PlyCount "79"]
[EventDate "1996.08.20"]

1. e4 c5 2. c3 d5 3. exd5 Qxd5 4. d4 Nf6 5. Nf3 e6 6. Bd3 cxd4 7. cxd4 a6 8.
O-O Be7 9. Nc3 Qd6 10. Qe2 Nc6 11. Rd1 Nb4 12. Bb1 Nbd5 13. Ne4 Nxe4 14. Qxe4
Nf6 15. Qe2 O-O 16. Ne5 Bd7 17. Bf4 Bb5 18. Qf3 Qd5 19. Qh3 g6 20. a3 Qd8 21.
Ba2 Nd5 22. Bh6 Re8 23. Re1 Bf6 24. Rac1 Rc8 25. Rxc8 Qxc8 26. Qf3 Qd8 27. h3
Qd6 28. Re4 Re7 29. Ng4 Bg7 30. Bd2 f5 31. Nh6+ Kh8 32. Re1 Bc6 33. Bg5 Nf6 34.
d5 Be8 35. dxe6 b5 36. Nf7+ Bxf7 37. Rd1 Qb8 38. exf7 h5 39. Qc6 Qe5 40. f8=Q+
1-0

[Event "VIII Festival A"]
[Site "Porto San Giorgio ITA"]
[Date "1995.08.24"]
[Round "5"]
[White "Efimov, Igor"]
[Black "Sedina, Elena"]
[Result "1/2-1/2"]
[WhiteElo "2510"]
[BlackElo "2345"]
[PlyCount "104"]
[EventDate "1996.08.20"]

1. d4 Nf6 2. c4 c5 3. dxc5 e6 4. Nf3 Bxc5 5. e3 d5 6. a3 dxc4 7. Qxd8+ Kxd8 8.
Bxc4 Nc6 9. b4 Bd6 10. Bb2 a6 11. Nbd2 b5 12. Bd3 Bb7 13. Rc1 Rc8 14. Nb3 Ba8
15. Ke2 Ke7 16. Rhd1 Rhd8 17. g3 Nb8 18. Nfd4 g6 19. Na5 e5 20. Ndb3 Nfd7 21.
f3 Nc6 22. Nxc6+ Bxc6 23. Na5 Ba8 24. Be4 Bxe4 25. fxe4 Nb8 26. Bc3 Rc7 27. Rd5
f6 28. Nb3 Rdc8 29. Nc5 Bxc5 30. bxc5 Nc6 31. g4 Rd7 32. h4 h6 33. g5 fxg5 34.
hxg5 hxg5 35. Rg1 Rcd8 36. Rxd7+ Rxd7 37. Rxg5 Kf6 38. Rg1 a5 39. Rb1 Rb7 40.
Rd1 b4 41. Rd6+ Kf7 42. axb4 axb4 43. Bb2 Rc7 44. Kd3 g5 45. Kc4 g4 46. Rh6 Rc8
47. Kd5 Ne7+ 48. Kxe5 Rxc5+ 49. Kf4 Ng6+ 50. Kxg4 Ne5+ 51. Kg3 Rb5 52. Bd4 b3
1/2-1/2

[Event "VIII Festival A"]
[Site "Porto San Giorgio ITA"]
[Date "1995.08.24"]
[Round "5"]
[White "Laketic, Gojko"]
[Black "Bruno, Fabio"]
[Result "1-0"]
[WhiteElo "2445"]
[BlackElo "2260"]
[PlyCount "103"]
[EventDate "1996.08.20"]

1. d4 Nf6 2. c4 e6 3. Nf3 b6 4. e3 Bb7 5. Bd3 c5 6. Nc3 Be7 7. O-O d6 8. d5 e5
9. a3 O-O 10. b4 Nfd7 11. Qc2 g6 12. e4 cxb4 13. axb4 a5 14. Bh6 Re8 15. bxa5
bxa5 16. Rfb1 Nc5 17. Na4 Nba6 18. Nxc5 Nxc5 19. Be3 Nxd3 20. Rxb7 Nb4 21. Qb3
Qc8 22. Rb5 f5 23. Raxa5 fxe4 24. Nd2 Nd3 25. Nxe4 Nf4 26. f3 Rxa5 27. Rxa5 Qb8
28. Qxb8 Rxb8 29. Bxf4 exf4 30. Rb5 Ra8 31. Rb7 Ra1+ 32. Kf2 Ra2+ 33. Kf1 Ra1+
34. Ke2 Kf8 35. c5 Ra2+ 36. Kd3 dxc5 37. d6 Bxd6 38. Nxd6 Rxg2 39. Rxh7 Kg8 40.
Rc7 Rxh2 41. Ke4 Rh5 42. Kxf4 Rd5 43. Ne4 Rf5+ 44. Kg4 c4 45. Rxc4 Ra5 46. Rc7
Rb5 47. f4 Ra5 48. Nc5 Ra1 49. Kg5 Rg1+ 50. Kf6 Rd1 51. Ne4 Rd8 52. Kxg6 1-0

[Event "VIII Festival A"]
[Site "Porto San Giorgio ITA"]
[Date "1995.08.24"]
[Round "5"]
[White "Sermek, Drazen"]
[Black "Khenkin, Igor"]
[Result "1/2-1/2"]
[WhiteElo "2550"]
[BlackElo "2575"]
[PlyCount "52"]
[EventDate "1996.08.20"]

1. e4 c6 2. d4 d5 3. exd5 cxd5 4. c4 Nf6 5. Nc3 Nc6 6. Nf3 e6 7. cxd5 Nxd5 8.
Bd3 Bb4 9. Bd2 Be7 10. O-O O-O 11. a3 Nf6 12. Bg5 b6 13. Qe2 Bb7 14. Rad1 Re8
15. Rfe1 Rc8 16. Ne5 Nxd4 17. Qe3 Nd5 18. Qh3 f5 19. Bxe7 Qxe7 20. Nxd5 Bxd5
21. Ba6 Nc2 22. Bxc8 Nxe1 23. Bxe6+ Qxe6 24. Rxe1 Be4 25. f4 Qd5 26. Re2 Qd4+
1/2-1/2

[Event "VIII Festival A"]
[Site "Porto San Giorgio ITA"]
[Date "1995.08.25"]
[Round "6"]
[White "Barlov, Dragan"]
[Black "Sermek, Drazen"]
[Result "0-1"]
[WhiteElo "2455"]
[BlackElo "2550"]
[PlyCount "64"]
[EventDate "1996.08.20"]

1. d4 d5 2. c4 dxc4 3. e3 c5 4. Bxc4 cxd4 5. exd4 Qc7 6. Be2 e6 7. Nf3 Nf6 8.
O-O Be7 9. Nc3 O-O 10. Bg5 Nc6 11. h3 Rd8 12. Qb3 Qa5 13. Be3 Qb4 14. Qc2 Bd7
15. a3 Qd6 16. Rfd1 Rac8 17. Ng5 Na5 18. d5 exd5 19. Bd4 g6 20. Nf3 Ne4 21. Qd3
Bf5 22. Qe3 Nc6 23. Nb5 Qb8 24. Nxa7 Nxd4 25. Nxc8 Nxe2+ 26. Qxe2 Qxc8 27. Nd4
Bc5 28. Rac1 Qd7 29. f3 Ng3 30. Qf2 Bd6 31. Re1 Nh5 32. Red1 Nf4 0-1

[Event "VIII Festival A"]
[Site "Porto San Giorgio ITA"]
[Date "1995.08.25"]
[Round "6"]
[White "Drasko, Milan"]
[Black "Arlandi, Ennio"]
[Result "1-0"]
[WhiteElo "2500"]
[BlackElo "2445"]
[PlyCount "71"]
[EventDate "1996.08.20"]

1. Nf3 Nf6 2. c4 e6 3. g3 d5 4. Bg2 Be7 5. O-O O-O 6. b3 b6 7. Bb2 Bb7 8. e3 c5
9. Nc3 dxc4 10. bxc4 Nc6 11. Qe2 Qc7 12. Rfd1 Rfd8 13. Rac1 a6 14. d4 Na5 15.
Nb1 Rac8 16. Nbd2 Ne4 17. Nb3 Nxb3 18. axb3 Qb8 19. Ne5 Nf6 20. d5 exd5 21.
cxd5 Bxd5 22. Bxd5 Nxd5 23. Qh5 g6 24. Qf3 f6 25. Rxd5 fxe5 26. Bxe5 Qa8 27. e4
b5 28. Bb2 Rxd5 29. exd5 Rf8 30. Qe4 Qd8 31. Qe6+ Rf7 32. Be5 Bf6 33. Rxc5 Bxe5
34. Rc8 Qxc8 35. Qxc8+ Kg7 36. f4 1-0

[Event "VIII Festival A"]
[Site "Porto San Giorgio ITA"]
[Date "1995.08.25"]
[Round "6"]
[White "Fercec, Nenad"]
[Black "Sarno, Spartaco"]
[Result "0-1"]
[WhiteElo "2435"]
[BlackElo "2410"]
[PlyCount "82"]
[EventDate "1996.08.20"]

1. e4 d6 2. d4 Nf6 3. Nc3 g6 4. Nf3 Bg7 5. h3 O-O 6. Be2 c6 7. a4 a5 8. Be3 Na6
9. O-O Nb4 10. Nd2 Nd7 11. Nc4 d5 12. exd5 cxd5 13. Na3 Nf6 14. Ncb5 Bf5 15. c3
Nc6 16. Bf4 Rc8 17. Nc2 Ne4 18. Ne3 Be6 19. f3 Nf6 20. Bh2 Bh6 21. Qd3 Ne8 22.
Rae1 f5 23. Bd1 Qd7 24. g4 f4 25. Ng2 Kh8 26. h4 g5 27. Bc2 Bg8 28. hxg5 Bxg5
29. Qd2 Nd6 30. Nxf4 Rf6 31. Nxd6 Qxd6 32. Bf5 Rcf8 33. Re2 Rh6 34. Bg3 Rff6
35. Ng2 Qxg3 36. Qxg5 Rh2 37. f4 Rfh6 38. Qxh6 Rxh6 39. Re3 Qh2+ 40. Kf2 e6 41.
g5 Rh4 0-1

[Event "VIII Festival A"]
[Site "Porto San Giorgio ITA"]
[Date "1995.08.25"]
[Round "6"]
[White "Godena, Michele"]
[Black "Laketic, Gojko"]
[Result "1-0"]
[WhiteElo "2550"]
[BlackElo "2445"]
[PlyCount "73"]
[EventDate "1996.08.20"]

1. e4 g6 2. d4 Bg7 3. Nf3 d6 4. c3 Nf6 5. Bd3 O-O 6. O-O Nc6 7. Re1 e5 8. h3
Re8 9. Nbd2 h6 10. Nb3 Bd7 11. Bd2 Qe7 12. Qc2 a5 13. a4 Nh5 14. Bb5 Nf6 15.
Rad1 Nd8 16. dxe5 dxe5 17. Bxd7 Nxd7 18. Be3 Ne6 19. Rd5 c5 20. Red1 Nb6 21.
Bxc5 Qc7 22. Bxb6 Qxb6 23. Nxe5 Nf4 24. Rd6 Qc7 25. Nf3 Qe7 26. Rd7 Qxe4 27.
Qxe4 Rxe4 28. Rd8+ Rxd8 29. Rxd8+ Kh7 30. Rd7 b6 31. Nbd4 Nd3 32. Ne6 Nxb2 33.
Neg5+ hxg5 34. Nxg5+ Kg8 35. Rd8+ Bf8 36. Nxe4 Nxa4 37. Rb8 1-0